| 000 -ლიდერი |
| ფიქსირებული სიგრძის საკონტროლო ველი |
01391nam a2200253Ia 4500 |
| 001 - საკონტროლო ნომერი |
| საკონტროლო ველი |
18492 |
| 003 - საკონტროლო ნომრის იდენტიფიკატორი |
| საკონტროლო ველი |
GE_BSU |
| 005 - ბოლო ოპერაციის თარიღი და დრო |
| საკონტროლო ველი |
20210802151326.0 |
| 008 - ფიქსირებული სიგრძის მონაცემთა ელემენტები - ზოგადი ინფორმაცია |
| ფიქსირებული სიგრძის საკონტროლო ველი |
181216s ||||ge |||||||||||||| || || |
| 020 ## - წიგნის საერთაშორისო სტანდარტული ნომერი |
| International Standard Book Number |
ISBN 978-9941-414-95-4 |
| 040 ## - კატალოგიზაციის წყარო |
| Transcribing agency |
GE_BSU |
| 041 ## - ენის კოდი |
| Language code of text/sound track or separate title |
geo |
| 080 ## - უნივერსალური ათობითი კლასიფიკაციის ინდექსი |
| Universal Decimal Classification number |
342.9(479.22)(072) შ-94 |
| 100 ## - მთავარი ჩანაწერი - პიროვნების სახელი |
| Personal name |
შულცე, შარლოტე |
| 9 (RLIN) |
12363 |
| 245 ## - ცნობა სათაურის შესახებ |
| Title |
ზოგადი ადმინისტრაციული სამართალი : |
| Remainder of title |
სახელმძღვ. მასწავლებელთათვის / |
| Statement of responsibility, etc |
შარლოტე შულცე, ნიკოლინე შმიც-იუსტენი, პაატა ტურავა ; თანაავტ. : თამარ ზოდელავა, ანა კაპანაძე. |
| 250 ## - გამოცემის ცნობა |
| Edition statement |
მე-2 გადამუშავებული გამოცემა |
| 264 ## - წარმოების, გამოცემის, დისტრიბუციის და სხვა ცნობები |
| გამოცემის, წარმოების, დისტრიბუციის... ადგილი |
თბილისი : |
| გამოცემის, წარმოების, დისტრიბუციის... სახელწოდება |
სიესტა, |
| გამოცემის, წარმოების, დისტრიბუციის... თარიღი |
2012. |
| 300 ## - ფიზიკური აღწერა |
| Extent |
96 გვ. : |
| Other physical details |
ცხრ. ; |
| Dimensions |
29 სმ. |
| 653 ## - INDEX TERM--UNCONTROLLED |
| Uncontrolled term |
სამართალი |
| 653 ## - INDEX TERM--UNCONTROLLED |
| Uncontrolled term |
საქართველოს ადმინისტრაციული სამართალი |
| 700 ## - ADDED ENTRY--PERSONAL NAME |
| Personal name |
შმიც-იუსტენი, ნიკოლინე |
| Relator term |
ავტორი |
| 9 (RLIN) |
12364 |
| 700 ## - ADDED ENTRY--PERSONAL NAME |
| Personal name |
ტურავა, პაატა |
| Relator term |
ავტორი |
| 9 (RLIN) |
12365 |
| 942 ## - ADDED ENTRY ELEMENTS (KOHA) |
| Koha item type |
წიგნი |
| Source of classification or shelving scheme |
|